000 00688cam a22002413a 4500
001 3545
003 PGUSA
005 20140828083034.0
008 021101s2002||||xxu|||||s|||||000 p eng d
040 _aPGUSA
_beng
042 _adc
050 4 _aPR
100 1 _aGoldsmith, Oliver,
_d-1774
245 1 4 _aThe Complete Poetical Works of Oliver Goldsmith
_h[electronic resource] /
_cOliver Goldsmith
260 _bProject Gutenberg,
_c2002
506 _aPublic domain in the USA.
516 _aElectronic text
653 _aEnglish poetry
653 _aLiterature -- Collections
830 0 _aProject Gutenberg
_v3545
856 4 0 _uhttp://www.gutenberg.org/ebooks/3545
942 _cEB
999 _c232874
_d232874